Leneide Duarte-Plon e Clarisse Meireles, Um homen torturado. Nos passos de frei Tito de Alencar. Reportagem biográfica, Rio de Janeiro, Civilização brasileira, 2014, 417 pages (notice n° 1605365)
[ vue normale ]
| 000 -LEADER | |
|---|---|
| fixed length control field | 01846cam a2200181 4500500 |
| 005 - DATE AND TIME OF LATEST TRANSACTION | |
| control field | 20251228095027.0 |
| 041 ## - LANGUAGE CODE | |
| Language code of text/sound track or separate title | fre |
| 042 ## - AUTHENTICATION CODE | |
| Authentication code | dc |
| 100 10 - MAIN ENTRY--PERSONAL NAME | |
| Personal name | Sesé, Bernard |
| Relator term | author |
| 245 00 - TITLE STATEMENT | |
| Title | Leneide Duarte-Plon e Clarisse Meireles, Um homen torturado. Nos passos de frei Tito de Alencar. Reportagem biográfica, Rio de Janeiro, Civilização brasileira, 2014, 417 pages |
| 260 ## - PUBLICATION, DISTRIBUTION, ETC. | |
| Date of publication, distribution, etc. | 2016.<br/> |
| 500 ## - GENERAL NOTE | |
| General note | 29 |
| 520 ## - SUMMARY, ETC. | |
| Summary, etc. | L’attente accompagne ou conditionne la plupart des activités humaines. Dans le cas des sciences exactes, les attributs de l’attente se déduisent de la nature particulière, scientifique, de cette activité. L’auteur présente ici, aussi simplement que possible, l’expérience qu’il a de cette attente, en tant que chercheur actif dans le domaine de la physique, et plus particulièrement de la physique des systèmes vivants. |
| 520 ## - SUMMARY, ETC. | |
| Summary, etc. | Waiting occurs along with most human activities, which it may affect. In the case of the exact sciences, the characteristics of waiting can be deduced from the specific scientific nature of a given type of human activity. The author’s experience of waiting as a researcher who is active in the field of physics of living systems will be presented here as simply as possible. |
| 520 ## - SUMMARY, ETC. | |
| Summary, etc. | A espera acompanha e condiciona a maior parte das actividades humanas. No caso das ciências exactas, as características da espera prendem-se com a natureza singular, científica, desta actividade. De uma forma tão simples quanto possível, o autor deste artigo partilha a sua experiência da espera enquanto investigador no domínio da física e, mais especificamente, da física dos sistemas vivos. |
| 786 0# - DATA SOURCE ENTRY | |
| Note | Sigila | 37 | 1 | 2016-03-01 | p. 207a-208a | 1286-1715 |
| 856 41 - ELECTRONIC LOCATION AND ACCESS | |
| Uniform Resource Identifier | <a href="https://shs.cairn.info/revue-sigila-2016-1-page-207a?lang=fr&redirect-ssocas=7080">https://shs.cairn.info/revue-sigila-2016-1-page-207a?lang=fr&redirect-ssocas=7080</a> |
Pas d'exemplaire disponible.




Réseaux sociaux